Příběhy čtvrtí. Nusle : život pod velkým mostem : historky, rozhovory, zajímavosti /
Další kniha z edice o pražských čtvrtích pojednává o Nuslích.
Uloženo v:
| Hlavní autor: | |
|---|---|
| Médium: | E-kniha |
| Jazyk: | Czech |
| Vydáno: |
V Praze :
Nastole,
2025
|
| Vydání: | 1. vydání |
| Témata: | |
| Tagy: |
Žádné tagy |
| LEADER | 03190nam a2200625 i 4500 | ||
|---|---|---|---|
| 001 | 312756 | ||
| 003 | CZ PrSKC | ||
| 005 | 20260601215728.0 | ||
| 007 | ta | ||
| 008 | 250610s2025 xr ach e f 000 0dcze | ||
| 015 | |a cnb003689320 | ||
| 020 | |a 9788074483622 |q (brožováno) : |c Kč 399,00 | ||
| 035 | |a (OCoLC)1531363443 | ||
| 040 | |a BOA001 |b cze |d ABA001 |e rda | ||
| 043 | |a e-xr--- |b e-xr-pg |2 czenas | ||
| 045 | |a w-y- | ||
| 072 | 7 | |a 908(437) |x Vlastivěda Česka a Slovenska |2 Konspekt | |
| 080 | |a 711.5 |2 MRF | ||
| 080 | |a 929-058.1 |2 MRF | ||
| 080 | |a 316.72/.75 |2 MRF | ||
| 080 | |a 929 |2 MRF | ||
| 080 | |a 908(437.311) |2 MRF | ||
| 080 | |a (437.311) |2 MRF | ||
| 080 | |a (0.062) |2 MRF | ||
| 080 | |a (047.53) |2 MRF | ||
| 100 | 1 | |a Hášová Truhelková, Lucie, |d 1982- |7 mzk2005294797 |4 aut | |
| 245 | 1 | 0 | |a Příběhy čtvrtí. |p Nusle : život pod velkým mostem : historky, rozhovory, zajímavosti / |c Lucie Hášová Truhelková |
| 246 | 3 | 0 | |a Nusle |
| 250 | |a 1. vydání | ||
| 264 | 1 | |a V Praze : |b Nastole, |c 2025 | |
| 300 | |a 231 stran : |b ilustrace, portréty, faksimile ; |c 21 cm | ||
| 336 | |a text |b txt |2 rdacontent | ||
| 337 | |a bez média |b n |2 rdamedia | ||
| 338 | |a svazek |b nc |2 rdacarrier | ||
| 504 | |a Obsahuje bibliografii | ||
| 520 | 2 | |a Další kniha z edice o pražských čtvrtích pojednává o Nuslích. |b Milujete příběhy, které dýchají historií? Nusle jsou jich plné. Odhalte, jak česká hymna souvisí s potokem Botičem, prozkoumejte jeden z nejvýznamnějších pivovarů našich dějin, prožijte Pražské povstání na nuselských barikádách a prohlédněte si do detailu Nuselský most. Čekají na vás rozhovory s osobnostmi, jako jsou Eliška Balzerová nebo Jan Hrušínský, a vzpomínky na slavné nuselské rodáky a obyvatele. A dojde i na místní legendy, na pivo s Pištou Hufnáglem a další historky z této rázovité čtvrti. Nakladatelská anotace. | |
| 648 | 7 | |a 19.-21. století |7 ch757016 |2 czenas | |
| 650 | 0 | 7 | |a městské obvody |7 ph381217 |z Česko |2 czenas |
| 650 | 0 | 7 | |a osobnosti |7 ph115615 |z Česko |y 19.-21. století |2 czenas |
| 650 | 0 | 7 | |a kultura a společnost |7 ph122010 |z Česko |2 czenas |
| 650 | 0 | 9 | |a city districts |z Czechia |2 eczenas |
| 650 | 0 | 9 | |a celebrities |z Czechia |y 19th-21st centuries |2 eczenas |
| 650 | 0 | 9 | |a culture and society |z Czechia |2 eczenas |
| 651 | 7 | |a Nusle (Praha, Česko) |7 ge128529 |x vlastivěda a dějiny |2 czenas | |
| 651 | 9 | |a Nusle (Prague, Czechia) |x local history and geography |2 eczenas | |
| 655 | 7 | |a populárně-naučné publikace |7 fd131864 |2 czenas | |
| 655 | 7 | |a rozhovory |7 fd133303 |2 czenas | |
| 655 | 9 | |a popular works |2 eczenas | |
| 655 | 9 | |a interviews |2 eczenas | |
| 900 | |a ABA001 |b 21 | ||
| 928 | 9 | |a Albatros Media - Nastole | |
| 044 | |a xr | ||
| 910 | |a RBIT002 | ||
| 998 | |d 421128 |a https://core.palmknihy.cz/api/books/421128/cover?syend5 |b https://core.palmknihy.cz/api/books/421128/cover/400?syend5 |c https://core.palmknihy.cz/api/books/421128/cover/50?syend5 |e 2034-12-31 |g 232 |i 9788074483622 |j https://core.palmknihy.cz/api/books/421128/preview.epub |k https://core.palmknihy.cz/api/books/421128/preview.pdf |l |q 49 |r 1 |s https://www.palmknihy.cz/kniha/421128 |t ebook |y 2025 |z 0 | ||
| 999 | |d 312754 | ||